Statistics for Super Smash Bros. Fighters #27 - The Meta Knight Quiz

Click here to take the quiz!

General Stats

  • This quiz has been taken 60 times
  • The average score is 10 of 15

Answer Stats

QuestionAnswer% Correct
When Meta Knight’s mask breaks, it is revealed that he looks like which other Kirby character?Kirby
96%
Meta Knight’s wings resemble what kind of flying mammal?Bat
94%
Meta Knight is the undisputed best character of which Super Smash Bros. game?Super Smash Bros. Brawl
91%
What is the name of Meta Knight’s airship?Battleship Halberd
89%
In order to have an even fight, Meta Knight will offer this what kind of weapon to Kirby?Sword
85%
Meta Knight’s evil doppelgänger from the Mirror World.Dark Meta Knight
74%
What kind of accent does Meta Knight have in the Kirby: Right Back at Ya! anime?Spanish
74%
The pink, Meta Knight-shaped final boss of the above mode:Galacta Knight
68%
What game did Meta Knight first appear in?Kirby’s Adventure
66%
What is the name of Meta Knight’s sword?Galaxia
62%
In Kirby: Planet Robobot, what is the name of the robotized Meta Knight players must fight?Mecha Knight
51%
This sub-game, appearing in many Kirby games, has players play a harder version of the game as Meta Knight:Meta Knightmare
45%
Mega Knight’s hatred of laziness causes Kirby to spring into action in this Super-Star sub game:Revenge of Meta Knight
43%
What is the name of Meta Knight’s cape?{Dimensional} Cape
40%
A fan cover of the music that plays in the above sub game won a Grammy; what band performed this piece?8-Bit Big Band
13%

Score Distribution

Percentile by Number Answered

Percent of People with Each Score

Your Score History

You have not taken this quiz